[Event "DEM U12 2016"]
[Site "Willingen GER"]
[Date "2016.05.17"]
[Round "5"]
[White "Simukov, Erik"]
[Black "Jeschke, Jan"]
[Result "1-0"]
[Termination "normal"]
[Board "26"]
[WhiteElo "1518"]
[BlackElo "1167"]
[PlyCount "29"]
[WhiteFideId "12995380"]
[BlackFideId "16225430"]
[EventCountry "GER"]
[EventRounds "11"]
[EventType "swiss"]
[EventDate "2016.05.14"]

1. e4 e5 2. Nf3 Nc6 3. Bb5 Bc5 4. O-O d6 5. h3 Nge7 6. c3 Bb6 7. Re1 O-O 8. d4
a6 9. Ba4 Ng6 10. Be3 f5 11. Bb3+ Kh8 12. Ng5 Qe7 13. Qh5 h6 14. Qxg6 hxg5 15.
Qh5# 1-0

[Event "DEM U12 2016"]
[Site "Willingen GER"]
[Date "2016.05.17"]
[Round "5"]
[White "Kanzow, Alexander"]
[Black "Maas, Kolja"]
[Result "1/2-1/2"]
[Termination "normal"]
[Board "27"]
[WhiteElo "1421"]
[BlackElo "1432"]
[PlyCount "99"]
[WhiteFideId "16225414"]
[BlackFideId "16220420"]
[EventCountry "GER"]
[EventRounds "11"]
[EventType "swiss"]
[EventDate "2016.05.14"]

1. e4 e6 2. d4 d5 3. Nc3 dxe4 4. Nxe4 Qd5 5. Bd3 Be7 6. Nf3 Nf6 7. Nxf6+ Bxf6
8. c4 Qd8 9. Be3 O-O 10. O-O Nd7 11. Qc2 g6 12. Bh6 Re8 13. Rfe1 c5 14. d5 Nb6
15. dxe6 Bxe6 16. Rad1 Qc7 17. Re2 Bd7 18. Rde1 Rxe2 19. Qxe2 Bg7 20. Bxg7 Kxg7
21. Qe5+ Qxe5 22. Rxe5 Rc8 23. b3 Be6 24. Kf1 Nd7 25. Re3 h6 26. Ke2 b6 27. Nd2
Nf6 28. f3 h5 29. h4 Re8 30. Ne4 Nxe4 31. Bxe4 Rd8 32. Rd3 Rxd3 33. Bxd3 f5 34.
f4 Kf6 35. g3 Bd7 36. a4 a5 37. Ke3 Ke6 38. Be2 Bc6 39. Bd3 Bg2 40. Be2 Bh3 41.
Bd3 Bg2 42. Be2 Bc6 43. Bd3 Bd7 44. Be2 Kd6 45. Bf3 Be6 46. Be2 Bf7 47. Bd3 Be8
48. Be2 Bc6 49. Bf3 Bd7 50. Be2 1/2-1/2

[Event "DEM U12 2016"]
[Site "Willingen GER"]
[Date "2016.05.17"]
[Round "5"]
[White "Jakob, Georg"]
[Black "Ewerhardy, Moritz"]
[Result "1-0"]
[Termination "normal"]
[Board "28"]
[WhiteElo "1533"]
[BlackElo "1382"]
[PlyCount "67"]
[WhiteFideId "16224221"]
[BlackFideId "36052086"]
[EventCountry "GER"]
[EventRounds "11"]
[EventType "swiss"]
[EventDate "2016.05.14"]

1. e4 c5 2. d4 cxd4 3. c3 dxc3 4. Nxc3 Nc6 5. Nf3 a6 6. Bc4 e6 7. O-O Qc7 8.
Qe2 Nf6 9. Rd1 b5 10. Bb3 Bc5 11. Be3 Be7 12. Rac1 O-O 13. Nd4 Bb7 14. Nd5 exd5
15. exd5 Nxd4 16. Bxd4 Qd8 17. h3 Re8 18. Bc2 Nxd5 19. Qe4 g6 20. Bb3 Bg5 21.
Qf3 Nf4 22. Qxb7 Ne2+ 23. Kh1 Nxc1 24. Bb6 Qc8 25. Bxf7+ Kxf7 26. Rxd7+ Qxd7
27. Qxd7+ Kg8 28. Qd5+ Kf8 29. Qxg5 Nd3 30. Qf6+ Kg8 31. Bd4 Ne5 32. Bxe5 Rxe5
33. Qxe5 Rf8 34. Kg1 1-0

[Event "DEM U12 2016"]
[Site "Willingen GER"]
[Date "2016.05.17"]
[Round "5"]
[White "Stahnecker, Hagen"]
[Black "Zwecker, Hagen"]
[Result "1-0"]
[Termination "normal"]
[Board "30"]
[WhiteElo "1316"]
[BlackElo "1325"]
[PlyCount "121"]
[WhiteFideId "16225422"]
[BlackFideId "12991007"]
[EventCountry "GER"]
[EventRounds "11"]
[EventType "swiss"]
[EventDate "2016.05.14"]

1. e4 e5 2. d4 exd4 3. Qxd4 Nc6 4. Qe3 Be7 5. Nc3 d6 6. Bc4 Nf6 7. Bd2 Ne5 8.
Bb3 c6 9. f4 Ned7 10. O-O-O Nc5 11. Bc4 d5 12. exd5 cxd5 13. Bb5+ Bd7 14. Qe5
Rc8 15. Qg5 Bxb5 16. Nxb5 Nd3+ 17. Kb1 Nf2 18. Nf3 Nxh1 19. Rxh1 Ne4 20. Qxg7
Bf6 21. Qg4 Rc5 22. Na3 Qb6 23. c3 Nxc3+ 24. Bxc3 Bxc3 25. b3 Bb4 26. Nc2 a5
27. Nxb4 Qxb4 28. Re1+ Kf8 29. Qg5 Rc6 30. Qd8+ Kg7 31. Qg5+ Rg6 32. Qe5+ Kg8
33. Qb8+ Kg7 34. Qe5+ f6 35. Qxd5 Rf8 36. g3 b5 37. Rc1 Re8 38. Rc7+ Re7 39.
Rc5 Qe4+ 40. Qxe4 Rxe4 41. Rxb5 a4 42. Nh4 axb3 43. Nxg6 bxa2+ 44. Kxa2 Re2+
45. Rb2 Rxb2+ 46. Kxb2 hxg6 47. Kc3 Kh6 48. Kd3 Kh5 49. h3 g5 50. f5 g4 51. h4
Kh6 52. Ke4 Kg7 53. Kf4 Kf7 54. Kxg4 Kg7 55. Kh5 Kh7 56. g4 Kg7 57. g5 Kf7 58.
Kh6 fxg5 59. hxg5 Kg8 60. g6 Kf8 61. Kh7 1-0